Statistics for Business: A Course Unit Approach. (Record no. 1059)
[ view plain ]
| 005 - DATE AND TIME OF LATEST TRANSACTION | |
|---|---|
| control field | 20250403094926.0 |
| 020 ## - INTERNATIONAL STANDARD BOOK NUMBER | |
| International Standard Book Number | 0 85505 019 5 |
| 082 ## - DEWEY DECIMAL CLASSIFICATION NUMBER | |
| Classification number | 519 TAY |
| 100 ## - MAIN ENTRY--PERSONAL NAME | |
| Author name | TAYLOR,P. |
| 245 ## - TITLE STATEMENT | |
| Title | Statistics for Business: A Course Unit Approach. |
| 260 ## - PUBLICATION, DISTRIBUTION, ETC. | |
| Place of publication, distribution, etc. | Hayburn, |
| Name of publisher, distributor, etc. | Polytech publishers Ltd, |
| Date of publication, distribution, etc. | 1977. |
| 300 ## - PHYSICAL DESCRIPTION | |
| Extent | 547p.: Ill.; figures, tables. |
| Other physical details | Index |
| Dimensions | 20cm |
| 700 ## - ADDED ENTRY--PERSONAL NAME | |
| Other authors/Editors | DUNNING, D. |
| 942 ## - ADDED ENTRY ELEMENTS (KOHA) | |
| Source of classification or shelving scheme | Dewey Decimal Classification |
| Koha item type | Books |
| Date last seen | Total checkouts | Full call number | Barcode | Cost, replacement price | Price effective from | Koha item type | Lost status | Source of classification or shelving scheme | Damaged status | Not for loan | Withdrawn status | Home library | Current library | Shelving location | Date acquired | Cost, normal purchase price |
|---|---|---|---|---|---|---|---|---|---|---|---|---|---|---|---|---|
| 04/03/2025 | 519 TAY | 0000004094 | 30000.00 | 04/03/2025 | Books | Dewey Decimal Classification | College of Business Education Main Library | College of Business Education Main Library | General Collection | 04/03/2025 | 10000.00 | |||||
| 04/03/2025 | 519 TAY | 0000004095 | 30000.00 | 04/03/2025 | Books | Dewey Decimal Classification | College of Business Education Main Library | College of Business Education Main Library | General Collection | 04/03/2025 | 10000.00 | |||||
| 04/03/2025 | 519 TAY | 0000004096 | 30000.00 | 04/03/2025 | Books | Dewey Decimal Classification | College of Business Education Main Library | College of Business Education Main Library | General Collection | 04/03/2025 | 10000.00 | |||||
| 04/03/2025 | 519 TAY | 0000004097 | 30000.00 | 04/03/2025 | Books | Dewey Decimal Classification | College of Business Education Main Library | College of Business Education Main Library | General Collection | 04/03/2025 | 10000.00 | |||||
| 04/03/2025 | 519 TAY | 0000004098 | 30000.00 | 04/03/2025 | Books | Dewey Decimal Classification | College of Business Education Main Library | College of Business Education Main Library | General Collection | 04/03/2025 | 10000.00 | |||||
| 04/05/2025 | 519 TAY | 0000004614 | 30000.00 | 04/05/2025 | Books | Dewey Decimal Classification | College of Business Education Main Library | College of Business Education Main Library | General Collection | 04/05/2025 | 10000.00 |
